LEADER 00717nam1 22002291 450 001 000001622 005 20050630115400.0 100 $a--------d19711972km-y0itay50------ba 101 $aeng 102 $aGB 200 1 $aAstrodynamics$fSamuel Herrick 210 $aLondon$cVan Nostrand$d1971-1972 215 $a2 v.$d24 cm 463 \1$1001000001623$12001 $aOrbit determination, space navigation, celestial mechanics 463 \1$1001000001624$12001 $aOrbit correction, perturbation theory, integration 610 1 $aMeccanica celeste 676 $a521 700 1$aHerrick,$bSamuel$0630008 801 0$aIT $bUNIPARTHENOPE $gRICA $2UNIMARC 912 $a000001622 996 $aAstrodynamics$91223162 997 $aUNIPARTHENOPE LEADER 01098nam0 2200277 450 001 000030313 005 20150209184325.0 010 $a978-88-204-5827-0 100 $a20150209d2013----km-y0itay50------ba 101 0 $aita 102 $aIT 105 $ay-------001yy 200 1 $aFair value disclosure, rischio di liquidità e rendimenti azionari$eun\2019analisi empirica sulle imprese europee finanziarie e non finanziarie$fAlessandro Giannozzi 210 $aMilano$cFranco Angeli$dc2013 215 $a163 p.$d23 cm 225 2 $aEconomia$iRicerche$v1046 410 0$12001$aEconomia. ricerche 500 10$aFair value disclosure, rischio di liquidità e rendimenti azionari$940248 610 1 $aImprese$aAnalisi finanziaria 676 $a657.7$vWebDewey$9Contabilità per specifiche fasi dell\2019attivita\2019 economica 700 1$aGiannozzi,$bAlessandro$0634476 801 0$aIT$bUNIPARTHENOPE$c20150209$gRICA$2UNIMARC 912 $a000030313 951 $a657-F/4$b45452$cNAVA1$d2015 996 $aFair value disclosure, rischio di liquidità e rendimenti azionari$940248 997 $aUNIPARTHENOPE